|
|
|
|
| LEADER |
00000nam0a2200000 4500 |
| 001 |
170461 |
| 005 |
20231031163710.0 |
| 035 |
|
|
|a (RuTPU)RU\TPU\book\184862
|
| 090 |
|
|
|a 170461
|
| 100 |
|
|
|a 20091123d1975 k y0rusy50 ca
|
| 101 |
0 |
|
|a rus
|
| 102 |
|
|
|a UA
|
| 105 |
|
|
|a a z 001zy
|
| 200 |
1 |
|
|a Металлы, электроны, решетка
|e сборник статей
|f Академия наук Украины (АНУ), Институт металлофизики ; под ред. В. Н. Гриднева
|
| 210 |
|
|
|a Киев
|c Наукова думка
|d 1975
|
| 215 |
|
|
|a 440 с.
|c ил.
|
| 320 |
|
|
|a Библиогр. в конце ст.
|
| 610 |
1 |
|
|a металлы
|
| 610 |
1 |
|
|a электроны
|
| 610 |
1 |
|
|a решетки
|
| 610 |
1 |
|
|a фазовые превращения
|
| 610 |
1 |
|
|a электронная структура
|
| 610 |
1 |
|
|a кристаллическое строение
|
| 675 |
|
|
|a 621.7м01:53
|v 3
|
| 675 |
|
|
|a 621.7м01
|v 3
|
| 702 |
|
1 |
|a Гриднев
|b В. Н.
|g Виталий Никифорович
|4 340
|
| 712 |
0 |
2 |
|a Академия наук Украины (АНУ)
|b Институт металлофизики
|2 stltpush
|3 (RuTPU)RU\TPU\col\8281
|
| 801 |
|
1 |
|a RU
|b 63413507
|c 20091123
|
| 801 |
|
2 |
|a RU
|b 63413507
|c 20100324
|g RCR
|
| 942 |
|
|
|c BK
|